| 000 | 00622nam a2200217 a 4500 | ||
|---|---|---|---|
| 999 |
_c5933 _d5933 |
||
| 001 | 5933 | ||
| 003 | BD-JhCC | ||
| 005 | 20171231115743.0 | ||
| 008 | 171230s1402 bg |||| ||a| 000 0 ben d | ||
| 035 | _a(BD-JhCC)5933 | ||
| 040 |
_aBD-JhCC _dBD-JhCC |
||
| 041 | _aeng | ||
| 082 |
_a297.18 _bAZA 1402 |
||
| 100 | _aআযাদ, কালাম | ||
| 245 |
_aপ্রথম খলিফা / _cকালাম আযাদ |
||
| 260 |
_aঢাকা : _bইসলামিক ফাউন্ডেশন, _c১৪০৬. |
||
| 300 |
_a85 p. : _c16 cm. |
||
| 650 | _aIslamic Legend | ||
| 942 |
_2ddc _cBK |
||